| 000 | 01338cam a22003497a 4500 | ||
|---|---|---|---|
| 003 | CHAP | ||
| 005 | 20220329142415.0 | ||
| 008 | 001130d2000 mx a r 00110 spa d | ||
| 010 | _a83053 | ||
| 011 | _a84025 | ||
| 035 | _a94544 | ||
| 040 | _cCHAP | ||
| 090 | _aTesis | ||
| 100 | 0 | 0 |
_aAcatitla Trejo, Carlos. _9409 |
| 245 | 1 | 0 |
_aCapacidad depredadora Chrysoperla carnea Stephens (Neuroptera: chrysopidae) en el control de cinco especies de afidos de importancia agrícola, bajo condiciones de laboaratorio en Chapingo, México _c/por Carlos Acatitla Trejo |
| 260 |
_aChapingo, Méx. : _bEl autor, _c2000. |
||
| 300 |
_a76 h. : _bilus. |
||
| 502 | _aTesis (Ing. Agr. Esp. en Parasitología Agrícola) -- UACH. Departamento de Parasitología Agrícola | ||
| 590 |
_aALEPH _b10 _c20130110 _lUCH01 _h1440 |
||
| 590 |
_aBATCH-UPD _b10 _c20130110 _lUCH01 _h0628 |
||
| 590 |
_aBATCH-UPD _b10 _c20130410 _lUCH01 _h0312 |
||
| 590 |
_aBATCH-UPD _b10 _c20130913 _lUCH01 _h1849 |
||
| 590 |
_aCONVERSION _b10 _c20130109 _lUCH01 _h1346 |
||
| 650 | 1 | 4 |
_aAfídidos. _91031 |
| 650 | 1 | 4 |
_aChrysoperla carnea. _922956 |
| 650 | 1 | 4 |
_aControl biológico de insectos. _927582 |
| 901 | _aBK | ||
| 905 | _aLilia Sánchez G. | ||
| 942 | _cFOLL | ||
| 949 |
_bBC _cTES _d33724000803730 _eTS2 _fc.2 _h37621 _i94544 _si |
||
| 949 |
_bBC _cTES _d945441 _eTS1 _h37620 _i94544 _sb |
||
| 999 |
_c83053 _d83053 |
||